Name a Hall of Famer for Each NFL Team - Statistics

General Stats
  • This quiz has been taken 62 times
  • The average score is 29 of 32
Answer Stats
Team Players % Correct
Colts Art Donovan | Joe Perry | Gino Marchetti | Raymond Berry | Jim Parker | Lenny Moore | Johnny Unitas | Ted Hendricks | John Mackey | Eric Dickerson | Marshall Faulk | Richard Dent | Marvin Harrison | Edgerrin James | Peyton Manning | Dwight Freeney | Andre Johnson | Adam Vinatieri
100%
Packers Curly Lambeau | Cal Hubbard | Don Hutson | Johnny "Blood" McNally | Clarke Hinkle | Mike Michalske | Arnie Herber | Walt Kiesling | Emlen Tunnell | Tony Canadeo | Len Ford | Jim Taylor | Forrest Gregg | Bart Starr | Ray Nitschke | Herb Adderley | Willie Davis | Jim Ringo | Paul Hornung | Willie Wood | Ted Hendricks | Jan Stenerud | Henry Jordan | James Lofton | Reggie White | Dave Robinson | Brett Favre | Jerry Kramer | Bobby Dillon | Charles Woodson | LeRoy Butler | Steve McMichael | Julius Peppers | Sterling Sharpe
100%
Lions Dutch Clark | Bill Dudley | Bobby Layne | Alex Wojciechowicz | Jack Christiansen | Hugh McElhenny | Ollie Matson | Joe Schmidt | Dick "Night Train" Lane | Yale Lary | Frank Gatski | Doak Walker | John Henry Johnson | Lem Barney | Lou Creekmur | Barry Sanders | Charlie Sanders | Dick LeBeau | Curley Culp | Dick Stanfel | Alex Karras | Calvin Johnson | Dwight Freeney
100%
Cowboys Forrest Gregg | Lance Alworth | Bob Lilly | Herb Adderley | Roger Staubach | Mike Ditka | Tony Dorsett | Jackie Smith | Randy White | Mel Renfro | Tommy McDonald | Troy Aikman | Rayfield Wright | Michael Irvin | Bob Hayes | Emmitt Smith | Deion Sanders | Larry Allen | Charles Haley | Terrell Owens | Harold Carmichael | Cliff Harris | Drew Pearson | Chuck Howley | Zach Thomas | DeMarcus Ware
100%
Bears George Halas | Bronko Nagurski | Red Grange | Ed Healey | William Lyman | George Trafton | Jimmy Conzelman | John "Paddy" Driscoll | Dan Fortmann | Sid Luckman | Guy Chamberlin | George McAfee | Bulldog Turner | Walt Kiesling | Joe Stydahar | Bobby Layne | Bill Hewitt | Bill George | George Connor | Gale Sayers | Dick Butkus | George Blanda | Doug Atkins | George Musso | Mike Ditka | Alan Page | Stan Jones | Walter Payton | Mike Singletary | Dan Hampton | Richard Dent | Orlando Pace | Brian Urlacher | Jim Covert | Ed Sprinkle | Chuck Howley| Devin Hester | Steve McMichael | Julius Peppers | Jared Allen
100%
Bills O. J. Simpson | Billy Shaw | Jim Kelly | James Lofton | Joe DeLamielleure | Thurman Thomas | Bruce Smith | Andre Reed | Terrell Owens
100%
Broncos Willie Brown | Tony Dorsett | John Elway | Gary Zimmerman | Floyd Little | Shannon Sharpe | Terrell Davis | Brian Dawkins | Champ Bailey | Ty Law | Steve Atwater | John Lynch | Peyton Manning | DeMarcus Ware | Randy Gradishar
100%
Rams Bob Waterfield | Elroy "Crazy Legs" Hirsch | Tom Fears | Norm Van Brocklin | Ollie Matson | Deacon Jones | Merlin Olsen | Eric Dickerson | Tom Mack | Jackie Slater | Jack Youngblood | Bob Brown | Marshall Faulk | Les Richter | Jerome Bettis | Orlando Pace | Kevin Greene | Kurt Warner | Isaac Bruce
98%
Dolphins Paul Warfield | Larry Csonka | Jim Langer | Bob Griese | Larry Little | Dwight Stephenson | Nick Buoniconti | Dan Marino | Thurman Thomas | Cris Carter | Junior Seau | Jason Taylor | Zach Thomas
98%
Ravens Rod Woodson | Shannon Sharpe | Deion Sanders | Jonathan Ogden | Ray Lewis | Ed Reed | Devin Hester
98%
Cardinals Ernie Nevers | Jim Thorpe | Guy Chamberlin | John "Paddy'' Driscoll | Walt Kiesling | Charley Trippi | Ollie Matson | Dick "Night Train" Lane | Larry Wilson | Don Maynard | Jackie Smith | Dan Dierdorf | Roger Wehrli | Emmitt Smith | Aeneas Williams | Kurt Warner | Edgerrin James | Duke Slater | Alan Faneca | Dwight Freeney | Larry Fitzgerald
96%
Vikings Hugh McElhenny | Fran Tarkenton | Jim Langer | Alan Page | Jan Stenerud | Paul Krause | Ron Yary | Dave Casper | Carl Eller | Warren Moon | Gary Zimmerman | Randall McDaniel | John Randle | Chris Doleman | Cris Carter | Mick Tingelhoff | Brett Favre | Morten Andersen | Randy Moss | Steve Hutchinson | Jared Allen | Roger Craig
96%
49ers Joe Perry | Lou Nomellini | Hugh McElhenny | Y. A. Tittle | O. J. Simpson | John Henry Johnson | Bob St. Clair | Jimmy Johnson | Joe Montana | Ronnie Lott | Steve Young | Fred Dean | Bob Hayes | Rod Woodson | Jerry Rice | Rickey Jackson | Deion Sanders | Richard Dent | Chris Doleman | Larry Allen | Charles Haley | Kevin Greene | Terrell Owens | Randy Moss | Isaac Bruce | Bryant Young | Patrick Willis | Roger Craig
96%
Steelers Cal Hubbard | Johnny "Blood" McNally | Bill Dudley | Walt Kiesling | Bobby Layne | Marion Motley | Ernie Stautner | Mean Joe Greene | John Henry Johnson | Len Dawson | Jack Ham | Mel Blount | Terry Bradshaw | Franco Harris | Jack Lambert | Mike Webster | Lynn Swann | John Stallworth | Rod Woodson | Jack Butler | Dermontti Dawson | Mike Webster | Kevin Greene | Troy Polamalu | Donnie Shell | Alan Faneca
94%
Browns Otto Graham | Marion Motley | Jim Brown | Lou Groza | Dante Lavelli | Len Ford | Bill Willis | Willie Davis | Doug Atkins | Bobby Mitchell | Paul Warfield | Mike McCormack | Frank Gatski | Len Dawson | Leroy Kelly | Henry Jordan | Tommy McDonald | Ozzie Newsome | Joe DeLamielleure | Gene Hickerson | Mac Speedie | Joe Thomas
94%
Titans/Oilers George Blanda | Ken Houston | John Henry Johnson | Earl Campbell | Charlie Joiner | Mike Munchak | Dave Casper | Elvin Bethea | Warren Moon | Bruce Matthews | Curley Culp | Ken Stabler | Robert Brazile | Randy Moss | Kevin Mawae | Steve Hutchinson | Andre Johnson
92%
Jets Joe Namath | Don Maynard | John Riggins | Ronnie Lott | Art Monk | Curtis Martin | Brett Favre | Jason Taylor | LaDainian Tomlinson | Kevin Mawae | Ty Law | Ed Reed | Winston Hill | Steve Atwater | Alan Faneca | Joe Klecko | Darrelle Revis
92%
Chargers Lance Alworth | Ron Mix | Johnny Unitas | Deacon Jones | John Mackey | Dan Fouts | Larry Little | Kellen Winslow | Charlie Joiner | Fred Dean | Junior Seau | LaDainian Tomlinson | Antonio Gates | Drew Brees
92%
Chiefs Bobby Bell | Willie Lanier | Len Dawson | Buck Buchanan | Jan Stenerud | Mike Webster | Joe Montana | Marcus Allen | Warren Moon | Emmitt Thomas | Derrick Thomas | Willie Roaf | Curley Culp | Will Shields | Morten Andersen | Tony Gonzalez | Ty Law | Johnny Robinson | Darrelle Revis | Jared Allen
91%
Patriots John Hannah | Mike Haynes | Nick Buoniconti | Andre Tippett | Curtis Martin | Junior Seau | Randy Moss | Ty Law | Richard Seymour | Darrelle Revis | Steve McMichael | Adam Vinatieri
91%
Giants Mel Hein | Pete Henry | Jim Thorpe | Arnie Herber | Steve Owen | Cal Hubbard | Ken Strong | Emlen Tunnell | Hugh McElhenny | Andy Robustelli | Y. A. Tittle | Rosey Brown | Ray Flaherty | Frank Gifford | Joe Guyon | Red Bagro | Sam Huff | Arnie Weinmeister | Fran Tarkenton | Don Maynard | Larry Csonka | Tuffy Leemans | Lawrence Taylor | Benny Friedman | Harry Carson | Michael Strahan | Morten Andersen | Kurt Warner
91%
Raiders Ron Mix | Jim Otto | George Blanda | Willie Brown | Gene Upshaw | Fred Biletnikoff | Art Shell | Ted Hendricks | Mike Haynes | Eric Dickerson | Howie Long | Ronnie Lott | Dave Casper | Marcus Allen | James Lofton | Bob Brown | Rod Woodson | Jerry Rice | Warren Sapp | Ray Guy | Tim Brown | Ken Stabler | Randy Moss | Charles Woodson | Cliff Branch | Richard Seymour | Eric Allen | Roger Craig
91%
Eagles Steve Van Buren | Chuck Bednarik | Alex Wojciechowicz | Pete Pihos | Norm Van Brocklin | Bill Hewitt | Ollie Matson | Jim Ringo | Sonny Jurgensen | Mike Ditka | Tommy McDonald | James Lofton | Bob Brown | Reggie White | Art Monk | Richard Dent | Cris Carter | Claude Humphrey | Brian Dawkins | Terrell Owens | Harold Carmichael | Eric Allen
89%
Falcons Tommy McDonald | Eric Dickerson | Deion Sanders | Chris Doleman | Claude Humphrey | Brett Favre | Morten Andersen | Tony Gonzalez | Dwight Freeney | Devin Hester
87%
Seahawks Franco Harris | Steve Largent | Carl Eller | Warren Moon | John Randle | Jerry Rice | Cortez Kennedy | Walter Jones | Kenny Easley | Kevin Mawae | Steve Hutchinson | Devin Hester | Dwight Freeney
79%
Panthers Reggie White | Kevin Greene | Sam Mills | Julius Peppers | Jared Allen | Luke Kuechly
79%
Buccaneers Lee Roy Selmon | Steve Young | Randall McDaniel | Warren Sapp | Derrick Brooks | Tim Brown | John Lynch | Ronde Barber | Darrelle Revis
77%
Commanders/Redskins Sammy Baugh | Bill Dudley | Cliff Battles | Wayne Millner | Turk Edwards | Sam Huff | Sonny Jurgensen | Bobby Mitchell | Charley Taylor | Ken Houston | John Riggins | Paul Krause | Art Monk | Darrell Green | Bruce Smith | Russ Grimm | Chris Hanburger | Dick Stanfel | Champ Bailey
75%
Bengals Charlie Joiner | Anthony Munoz | Terrell Owens | Ken Riley
74%
Texans Ed Reed | Andre Johnson
72%
Saints Jim Taylor | Doug Atkins | Earl Campbell | Rickey Jackson | Willie Roaf | Ken Stabler | Morten Andersen | Sam Mills | Eric Allen | Drew Brees
70%
Jaguars Tony Bosselli
49%
No matching quizzes found
Score Distribution
Percent of People with Each Score
Percentile by Number Answered
Your Score History
You have not taken this quiz